ჯადოსნური ხე (ბიბ.ჩანაწერი № 50222)
[ მარტივი ფორმატი ]
| 000 -LEADER | |
|---|---|
| fixed length control field | 00921nam a2200241Ia 4500 |
| 001 - CONTROL NUMBER | |
| control field | 17160 |
| 003 - CONTROL NUMBER IDENTIFIER | |
| control field | GE_BSU |
| 008 - FIXED-LENGTH DATA ELEMENTS--GENERAL INFORMATION | |
| fixed length control field | 181216s||||||||xx |||||||||||||| ||und|| |
| 040 ## - CATALOGING SOURCE | |
| Transcribing agency | GE_BSU |
| 080 ## - UNIVERSAL DECIMAL CLASSIFICATION NUMBER | |
| Universal Decimal Classification number | 82-93:821.161.1 + 821.161.092 |
| 100 ## - MAIN ENTRY--PERSONAL NAME | |
| Personal name | სმირნოვა, ვ. |
| 245 ## - TITLE STATEMENT | |
| Title | ჯადოსნური ხე |
| 245 ## - TITLE STATEMENT | |
| Remainder of title | სტატიები გამოჩენილ რუს საბავშვო მწერლებზე |
| 245 ## - TITLE STATEMENT | |
| Statement of responsibility, etc. | რედ.თ.ბექიშვილი |
| 260 ## - PUBLICATION, DISTRIBUTION, ETC. | |
| Place of publication, distribution, etc. | თბილისი |
| 260 ## - PUBLICATION, DISTRIBUTION, ETC. | |
| Name of publisher, distributor, etc. | ნაკადული |
| 260 ## - PUBLICATION, DISTRIBUTION, ETC. | |
| Date of publication, distribution, etc. | 1975 |
| 300 ## - PHYSICAL DESCRIPTION | |
| Extent | 377გვ. ; 21სმ |
| 653 ## - INDEX TERM--UNCONTROLLED | |
| Uncontrolled term | რუსი საბავშვო მწერლები |
| 653 ## - INDEX TERM--UNCONTROLLED | |
| Uncontrolled term | სტატიები გამოჩენილ რუს საბავშვო მწერლებზე |
| 653 ## - INDEX TERM--UNCONTROLLED | |
| Uncontrolled term | ჯადოსნური ხე |
| 942 ## - ADDED ENTRY ELEMENTS (KOHA) | |
| Koha item type | წიგნი |
არაა ხელმისაწვდომი ეგზემპლარები.
